00142nam a22000617a 4500020001800000245002800018260003400046 a9780545011921 aAmy the Amethyst Fairy. aNewYorkbScholastic Incc2005